| 000 | 00992cam a22002533a 4500 | ||
|---|---|---|---|
| 001 | 7789 | ||
| 003 | PGUSA | ||
| 005 | 20140828083149.0 | ||
| 008 | 050301s2005||||xxu|||||s|||||000 1 eng d | ||
| 040 |
_aPGUSA _beng |
||
| 042 | _adc | ||
| 050 | 4 | _aPR | |
| 100 | 1 |
_aMoore, George, _d1852-1933 |
|
| 245 | 1 | 0 |
_aMemoirs of My Dead Life _h[electronic resource] / _cGeorge Moore |
| 260 |
_bProject Gutenberg, _c2005 |
||
| 505 | 0 | _aApologia pro scriptis meis -- Spring in London -- Flowering Normandy -- A waitress -- The end of Marie Pellegrin -- La Butte -- Spent loves -- Ninon's table d'hôte -- The lovers of Orelay -- In the Luxembourg gardens -- A remembrance -- Bring in the lamp -- Sunday evening in London -- Resurgam. | |
| 506 | _aPublic domain in the USA. | ||
| 516 | _aElectronic text | ||
| 653 | _aIntellectuals -- Fiction | ||
| 653 | _aMan-woman relationships -- Fiction | ||
| 830 | 0 |
_aProject Gutenberg _v7789 |
|
| 856 | 4 | 0 | _uhttp://www.gutenberg.org/ebooks/7789 |
| 942 | _cEB | ||
| 999 |
_c237089 _d237089 |
||